Statistiques concernant Paroles - Dès que le vent soufflera - Renaud

Cliquez ici pour prendre le quiz!

Statistiques générales

  • Ce quiz a été pris 76 fois
  • Le résultat moyen est 367 sur 466

Statistiques - réponses

Réponse% Correct
La
100%
la
100%
c'est
98%
C'est
98%
l'homme,
98%
l'homme
98%
me
98%
mer,
98%
mer
98%
pas
98%
prend
98%
Qui
98%
qui
98%
à
97%
elle
97%
Je
97%
le
97%
m'a
97%
ma
97%
pris
97%
de
95%
(de
95%
Les
95%
les
95%
Moi,
95%
en
94%
mardi
94%
un
94%
Dès
92%
des
92%
repartira
92%
vent
92%
Nous
91%
nous
91%
Que
91%
que
91%
soufflera
91%
Et
89%
et
89%
vents
89%
mon
88%
allerons
86%
Ne
85%
tour
85%
m'souviens
83%
au
80%
Au
80%
souviens
80%
tourneront
80%
poissons
79%
dedans
77%
mes
77%
aussi
76%
J'ai
76%
j'ai
76%
Mais
74%
Mais,
74%
une
74%
baisent
73%
Ça
73%
comme
73%
Comme
73%
femme
70%
on
70%
dégueulasse
68%
mal
68%
mère
68%
quatre
68%
(Ho
67%
ho
67%
ho)
67%
pis
67%
son
67%
Son
67%
vomi
67%
campagne
65%
dépourvu,
65%
heures
65%
peu
65%
tant
65%
dans
64%
Dans
64%
minuit
64%
pleure
64%
préfère
64%
taxi
64%
est
62%
eu
62%
jaune
62%
si
62%
Si
62%
troqué
62%
vieux
62%
ciré
61%
du
61%
homme
61%
père
61%
sur
61%
Sur
61%
cœur
59%
fil
59%
l'eau
59%
monde
59%
plus,
59%
bateau
58%
Contre
58%
paire
58%
quitte
58%
santiags
58%
Ton
58%
c'était
56%
furie
56%
vendredi
56%
bitte
55%
cuir
55%
marin
55%
bien
53%
fameux
53%
fils
53%
Il
53%
jétée
53%
malheur
53%
matelot
53%
oiseau
53%
sous
53%
aux
52%
D'amarrage,
52%
dormi
52%
Fin
52%
haut)
52%
haut
52%
(Hissez
52%
Hissez
52%
hissez
52%
trois-mâts
52%
zone
52%
bout
50%
coûté
50%
destin
50%
draps
50%
pied
50%
port
50%
Pour
50%
requin)
50%
ferai
48%
J'me
48%
m'attend
48%
m'disaient
48%
mouillés
48%
Ni
48%
ses
48%
tous
48%
Assise
47%
beau,
47%
dockside
47%
n'en
47%
prudent"
47%
"Sois
47%
mienne
45%
gars
44%
Jamais
44%
sais,
44%
vis
44%
déserté
42%
marrant
42%
mort
42%
navire
42%
plaisance,
42%
prénom
42%
L'horizon
41%
océans
41%
Veulent
41%
d'la
39%
grappe
39%
lâcher
39%
lapin)
39%
N'oublieront
39%
yeux
39%
boxon
38%
délavés
38%
Foutre
38%
poubelles
38%
suis
38%
voir
38%
chaque
36%
étape
36%
J'irais
36%
parti
36%
cageots
33%
fier,
33%
Naviguent
33%
votre
33%
enfant
32%
partout
32%
crasses
30%
Tabarly,
30%
cogné
29%
Riguidel
27%
Regardez
26%
ta-ta-tin
26%
Kersauson
23%
Pajot
15%

Distribution des résultats

Percentile par nombre de réponses

% des personnes avec chaque résultat

Votre développement - résultats

Vous n’avez pas pris ce quiz